| 000 | 00952nam a22002175i 4500 | ||
|---|---|---|---|
| 001 | 158491 | ||
| 003 | ES-MaACL | ||
| 005 | 20250911063558.0 | ||
| 008 | 010612s1852 sp a |||| | spa d | ||
| 040 |
_aCCPB | B _bspa _cCCPB | B |
||
| 100 | 2 |
_aMagariños Cervantes, Alejandro, _d1825-1893 _9129338 |
|
| 245 | 1 | 0 |
_aCeliar _b: leyenda americana en variedad de metros / _cpor Alejandro Magariños Cervantes ; precedida de un discurso preliminar por Ventura de la Vega. |
| 260 |
_aMadrid : _b[s.n.], _c1852 ( _festablecimiento tipográfico de F. de P. Mellado) |
||
| 300 |
_a120 p. : _bil. ; _c27 cm. |
||
| 490 | 1 | _aBiblioteca española | |
| 700 | 1 | 1 |
_aVega, Ventura de la, _d1807-1865 _epr. _9113584 |
| 752 |
_aEspaña - _dMadrid |
||
| 830 | 0 |
_aBiblioteca española _9188122 |
|
| 852 |
_aES-MaACL _jC-1880(6) _z-- Enc. hol. _z-- Legado M. de la Fuente _q-- Falto de la cub. original _z-- Enc. en un vol. facticio |
||
| 999 |
_c158491 _d158491 |
||